| 000 | 00000nam##2200000za#4500 |
| 001 | 9.588178 |
| 003 | CaOODSP |
| 005 | 20210624195008 |
| 007 | cr ||||||||||| |
| 008 | 150406|2003||||xxc|||||o f|0| 0 fre|d |
| 022 | |a1488-5379 |
| 040 | |aCaOODSP|bfre |
| 041 | |aeng |
| 041 | |afre |
| 043 | |an-cn--- |
| 086 | 1 |aFs97-6/2463-PDF |
| 110 | 1 |aCanada. |bMinistère des pêches et des océans. |
| 245 | 10|aAtelier national des sciences 2002, Pêches et Océans Canada, Burlington (Ontario) / |h[ressource électronique]|cpar R.G. Randall ... [et al.] |
| 260 | |aBurlington - Ontario : |bPêches et Océans Canada |cc2003. |
| 300 | |a248p.|bfigures, références |
| 490 | 1 |aRapport technique canadien des sciences halieutiques et aquatiques|x1488-5379|vN° 2463 |
| 500 | |aLe n° de catalogue et l'ISSN de l'édition imprimée apparaîssent dans cette version électronique. |
| 590 | |a12-37-Supp|b2012-09-24 |
| 720 | 1 |aRandall, R. G. |
| 776 | 0#|tNational Science Workshop 2002, Fisheries and Oceans Canada, Burlington, Ontario / |w(CaOODSP)9.538636 |
| 791 | |tNational Science Workshop 2002, Fisheries and Oceans, Canada, Burlington, Ontario / |eeng|w(CaOODSP)9.588177 |
| 830 | #0|aRapport technique canadien des sciences halieutiques et aquatiques,|x1488-5379|vN° 2463|w(CaOODSP)9.500270 |
| 856 | 40|ahttp://publications.gc.ca|qPDF|s6500 Ko|uhttps://publications.gc.ca/collections/collection_2012/mpo-dfo/Fs97-6-2463.pdf|yN° 2463 |